1596 1442 1279 1369 1181 1616 1101 1945 1272 1233 1601 1819 1185 1371 1851 1424 1176 1987 1165 1495 1653 1047 1289 1009 1476 1694 1678 1137 1871 1634 1459 1168 1925 1091 1510 1435 1698 1917 1474 1549 1167 1026 1754 1708 1672 1347 1399 1767 1670 1413 1446 1343 1332 1130 1185 1757 1922 1198 1948 1300 1247 1751 1162 1971 1376 1013 1232 1966 1616 1371 1775 1154 1912 1371 1258 1477 1319 1151 1746 1314 1506 1944 1684 1303 1004 1101 1802 1475 1609 1571 1518 1372 1276 1318 1646 1144 1960 1890 1997 BCNSPRNW ULIB Ver.6.0+V

เปลี่ยนเป็นภาษาไทย

Change to English
 แสดงรายละเอียดบรรณานุกรม
  กลับหน้าหลัก

Brief Record : Get Marc (ISO 2709) : E-mail record : QR code < ปิดหน้าต่าง
LEADER : 00000nam 2200000uu 4500
001    13399126171
003     ULIB
008    020711s2555 th a 000 0 tha d
060    วจ^aWY20.5^bจ634ค
100    ^aจุฑาทิพย์ ศิรินภาดล, ปิยะรัตน์ แสงบำรุง, ธณัฏฐ์ภรณ์ กุลแสนเตา และ อุดมลักษณ์ กาญจนรังสิชัย
245    ^aความพึงพอใจต่อการมีส่วนร่วมในการดำเนินงานประกันคุณภาพการศึกษาของบุคลากรและนักศึกษาวิทยาลัยพยาบาลบรมราชชนนี นครราชสีมา : Satisfaction on Quality Assurance Participation of the Personnel and Student Nurses at Boromarajonani college of Nursing,Nakhornratchasima
260    ^aนครราชสีมา :^bวิทยาลัยพยาบาลบรมราชชนนี นครราชสีมา,^c2555
300    ^a55 หน้า;^b30 ซม.
650    ^aการศึกษา-ประกันคุณภาพ
945    ^p0^l0^i004284
999    ^aประนอม เกษจรัล
รายการนี้ยังไม่มีแท็ก
คุณยังไม่ได้ล็อกอิน คุณสามารถมีกิจกรรมร่วมกับเว็บไซต์ได้ แต่ต้องล็อกอินก่อน ::
  ล็อกอิน

รายการสื่อสารสนเทศ

ลำดับที่ ประเภท เลขเรียก/บาร์โค้ด สถานที่ สถานะ
1. งานวิจัย
งานวิจัย
วจ WY20.5 จ634ค ฉ.1 
  Barcode: 004284
ห้องสมุดวิทยาเขตสวรรค์ประชารักษ์
►หนังสือทั่วไป
บนชั้น

BibComment


ยังไม่เคยถูกคอมเมนท์

คอมเมนท์ทรัพยากรรายการนี้
  คอมเมนท์: ความพึงพอใจต่อกา..


 Copyright 2026. Bcnsprnw @Library